000 00781pam a2200217 a 4500
001 3822902
005 20250901145731.0
008 860221r19861974miu 001 0 eng
020 _a0310511615
_qpbk.
020 _a9780310511618
_q(pbk.)
050 0 0 _aBV4012.2
_b.A28 1986
082 0 0 _a253.5
_219
100 1 _aAdams, Jay E.
_d1929-
245 1 4 _aThe Christian counselor's casebook /
_cby Jay E. Adams.
260 _aGrand Rapids, MI. :
_bMinistry Resources Library,
_c[1986], c1974.
300 _aix, 213 p. ;
_c22 cm.
500 _aOriginally published: Phillipsburg, N.J. : Presbyterian and Reformed Pub. Co., c1974.
650 0 _aPastoral counseling.
856 4 2 _3Publisher description
_uhttp://www.loc.gov/catdir/enhancements/fy0633/86004130-d.html
942 _2lcc
_cBK
_n0
999 _c7419
_d7419